000 01336cam a22002651i 4500
003 SA-RiAUC
005 20250204070105.0
008 250202s2001 su g f00010 ara c
040 _aSA-JeALM
_bara
_cSA-RiAUC
_erda
082 0 4 _a215
090 _a215
_b ب ر ك
100 1 _aالبركوي، محمد بن بير علي بن إسكندر،
_d929-981 هجري
_eمؤلف.
245 1 0 _aزيارة القبور الشرعية والشركية /
_cمحيي الدين محمد البركوي.
264 1 _aالرياض :
_bالرئاسة العامة لإدارات البحوث العلمية والإفتاء،
_c1984
300 _a55 صفحة ؛
_c18 سم.
336 _aنص
_btxt
_2rdacontent
_3كتاب
337 _aبدون وسيط
_bn
_2rdamedia
338 _aمجلد
_bnc
_2rdacarrier
500 _aأوراق انتخبها المؤلف من كتاب إغاثة اللهفان فى مصائد الشيطان / ابن قيم الجوزية، وضم إليها بعض ما وجده فى الكتب المعتبرة.
650 7 _aالمقابر
_xزيارة
_2aucsh
700 1 2 _aابن قيم الجوزية، محمد بن أبي بكر بن أيوب،
_d691-751 هجري
740 0 2 _aإغاثة اللهفان في مصائد الشيطان.
942 _2ddc
_cBOOK
_n0
949 _aSA-JeALM
_d250202
_uosman123
_n1
999 _c5550
_d5550